000 00697nam a2200289Ia 4500
005 20260324131742.0
008 008 260324s9999 xx 000 0 eng d
020 _a9780203018392
037 _aEBOOK
040 _aCRL
040 _beng
040 _cCRL
041 _2eng
041 _aeng
084 _qCRL
100 _aRichard L. Russell
_91186693
245 0 _aWeapons Proliferation and War in the Greater Middle East
245 0 _bStrategic Contest
260 _bTaylor and Francis
260 _c2005
365 _a
365 _b280
856 _uhttp://www.taylorfrancis.com/books/9780203018392
942 _cEBOOK
999 _c1784163
_d1784163